<A> gazdasági növekedés elörejelzése.
Využitie prognóz vo formovaní hospodárskej politiky štátu. Spôsob a metódy prognózovania. Prognózovanie jednotlivých prvkov hrubého spoločenského produktu (výdaje, spotreby, investície, import, zásoby, finančné procesy, platobná bilancia). Ukazovatele obchodných cyklov a vývoja konjunktúry. Využitie...
Salvato in:
| Autore principale: | |
|---|---|
| Natura: | Capitolo di libro |
| Lingua: | ungherese |
| Soggetti: | |
| Tags: |
Nessun Tag, puoi essere il primo ad aggiungerne!!
|
MARC
| LEADER | 00000naa a2200000 4500 | ||
|---|---|---|---|
| 001 | r012007 | ||
| 005 | 20220826094902.0 | ||
| 041 | 0 | |a hun | |
| 044 | |a HU | ||
| 245 | 1 | 0 | |a <A> gazdasági növekedés elörejelzése. |c J. Hoós |
| 520 | |a Využitie prognóz vo formovaní hospodárskej politiky štátu. Spôsob a metódy prognózovania. Prognózovanie jednotlivých prvkov hrubého spoločenského produktu (výdaje, spotreby, investície, import, zásoby, finančné procesy, platobná bilancia). Ukazovatele obchodných cyklov a vývoja konjunktúry. Využitie matematického modelu. Hlavné časti prognózy. Publikovanie výsledkov. Smery prognostickej činnosti. | ||
| 610 | 2 | 0 | |a prognózy |
| 610 | 2 | 0 | |a prognózovanie |
| 610 | 2 | 0 | |a politika hospodárska |
| 610 | 2 | 0 | |a produkt hrubý |
| 610 | 2 | 0 | |a modely matematické |
| 610 | 2 | 0 | |a ukazovatele ekonomické |
| 610 | 2 | 0 | |a cykly hospodárske |
| 100 | 1 | |a Hoós, J. | |